Guía para la preparación, evaluación y gestión de proyectos de residuos sólidos domiciliarios

Tallennettuna:
Bibliografiset tiedot
Päätekijä: Szantó Narea, Marcel (Tekijä)
Aineistotyyppi: Kirja
Kieli:espanja
Julkaistu: Santiago Oficina Panamericana de la Salud 1998
Painos:1a. ed
Aiheet:
Tagit: Lisää tagi
Ei tageja, Lisää ensimmäinen tagi!

MARC

LEADER 00000cam a2200000 a 4500
001 UCP2135
003 CL-VaPUC
008 990507e19980000CL |||||||||||||||||spa|d
082 0 4 |a 628.3  |b SZA  |2 21 
100 0 |a Szantó Narea, Marcel  |e author  |9 428633 
245 1 0 |a Guía para la preparación, evaluación y gestión de proyectos de residuos sólidos domiciliarios 
250 |a 1a. ed 
300 |a 473 p 
942 |c BK 
945 |d 19990507 00:00:00  |a rbrito 
260 |a Santiago  |b Oficina Panamericana de la Salud  |c 1998 
650 0 |a Tratamiento de residuos  |9 262890 
650 0 |a Residuos sólidos   |9 367336 
650 0 |a Medio ambiente  |9 257625 
650 0 |a Impacto ambiental  |9 262796 
583 |a last modification  |c 20180315 10:10:36  |k Rodrigo Vera 
999 |c 280719  |d 280717 
952 |0 0  |1 0  |4 0  |6 628_300000000000000_SZA_1998  |7 0  |8 A  |9 321196  |a BIBCUR  |b BIBCUR  |d 2019-11-20  |i 3509052  |o 628.3 SZA 1998  |p 3509052  |r 2025-04-22  |w 2019-11-20  |y BK  |k BCB 
952 |0 0  |1 0  |4 0  |6 628_300000000000000_SZA_1998  |7 0  |8 A  |9 321197  |a BIBING  |b BIBING  |d 2019-11-20  |i 3509060  |o 628.3 SZA 1998  |p 3509060  |r 2025-01-20  |w 2019-11-20  |y BK  |k ING 
952 |0 0  |1 0  |4 0  |6 628_300000000000000_SZA_1998  |7 0  |8 A  |9 321198  |a BIBING  |b BIBING  |d 2019-11-20  |i 3578933  |o 628.3 SZA 1998  |p 3578933  |r 2025-01-20  |w 2019-11-20  |y BK  |k ING 
952 |0 0  |1 0  |4 0  |6 628_300000000000000_SZA_1998  |7 0  |8 A  |9 321199  |a BIBING  |b BIBING  |d 2019-11-20  |i 1231987  |o 628.3 SZA 1998  |p 1231987  |r 2025-01-20  |w 2019-11-20  |y BK  |k CCL 
952 |0 0  |1 0  |3 erb  |4 0  |6 628_300000000000000_SZA_1998  |7 0  |8 A  |9 321200  |a BIBING  |b BIBING  |i 5456932  |o 628.3 SZA 1998  |p 5456932  |r 2025-01-20  |w 2019-11-20  |y BK  |z Catalogado en:20180316  |k CCL